000 00796nam a2200229Ia 4500
001 b4504-28789 [5754]
003 IT-MiCISF
008 161014s9999||||xx |||||||||||||| ||und||
040 _aIT-MiCISF
_cIT-MiCISF
041 _ait
100 _aStern Daniel
245 0 _aNascita di una madre
_bCome l'esperienza della maternità cambia una donna
250 _a1a ed.
260 _a Milano
_bMondadori
_c1999 [Edizione originale: 1998]
300 _app. 213
500 _a / maternità, parto, gravidanza, handicap, figli-piccoli, rapporti-madre-figli, padre, madre, vissuto-maternità, madre-lavoratrice, identità-femminile, case-studies /
650 _agenitorialità
700 _aBruschweiler-Stern Nadia
700 _aFreeland Alison
942 _cBK
957 _71
999 _a28789
_bsi
_g1
_c212751
_d212751